| 000 | 01242cam a22003377a 4500 | ||
|---|---|---|---|
| 001 | 14167095 | ||
| 003 | OSt | ||
| 005 | 20160905095340.0 | ||
| 008 | 051110s2006 nyu 000 1 eng | ||
| 010 | _a 2005032940 | ||
| 020 | _a0765312506 | ||
| 035 | _a(DLC)4743 | ||
| 040 |
_aDLC _cDLC _dDLC |
||
| 043 | _an-us-ny | ||
| 050 | 0 | 0 |
_aPS3626.E77 _bL67 2006 |
| 082 | 0 | 0 |
_aDFic _22006 _bZ54 |
| 100 | 1 | _aZerries, A. J. | |
| 245 | 1 | 4 |
_aThe lost Van Gogh / _cA.J. Zerries. |
| 250 | _a1st ed. | ||
| 260 |
_aNew York : _bForge Books, _c2006. |
||
| 300 |
_a346 pages ; _c24 cm. |
||
| 500 | _a"A Tom Doherty Associates Book." | ||
| 650 | 0 |
_aFiction _914087 |
|
| 655 | 7 |
_aMystery fiction. _2gsafd |
|
| 856 | 4 | 2 |
_3Contributor biographical information _uhttp://www.loc.gov/catdir/enhancements/fy0623/2005032940-b.html |
| 856 | 4 | 2 |
_3Publisher description _uhttp://www.loc.gov/catdir/enhancements/fy0623/2005032940-d.html |
| 856 | 4 | 1 |
_3Sample text _uhttp://www.loc.gov/catdir/enhancements/fy0662/2005032940-s.html |
| 906 |
_a7 _bcbc _corignew _d1 _eecip _f20 _gy-gencatlg |
||
| 942 |
_2ddc _cDFIC |
||
| 999 |
_c4327 _d4327 |
||